000 00469nam a2200169Ia 4500
003 GCL
008 140319s9999 xx 000 0 eng d
040 _aGCL /
_cGCL
082 0 4 _aCC
_b962.054
_bI P
100 1 _aISRAELI, RAPHAEL
245 1 0 _aTHE PUBLIC DIARY OF PRESIDENT SADAT /
_cISRAELI, RAPHAEL
260 _a[S.N] :
_bE. J. BRILL ،
_c1979
300 _a1425 P
650 0 4 _aANWAR SADAT - DIARIES
650 0 4 _aEGYPT - HISTORY - 1970 -1976
942 _2ddc
_cBK
999 _c14223
_d14223